Câu chuyện do thái 2 Văn hóa , truyền thống và con người

Wedi'i Gadw mewn:
Manylion Llyfryddiaeth
Prif Awdur: Đặng, Hoàng Xa
Fformat: Llyfr
Cyhoeddwyd: Hà Nội Lao động 2016
Pynciau:
Tagiau: Ychwanegu Tag
Dim Tagiau, Byddwch y cyntaf i dagio'r cofnod hwn!
Thư viện lưu trữ: Trung tâm Học liệu Lê Vũ Hùng, Trường Đại học Đồng Tháp
LEADER 00758pam a22002298a 4500
001 00040897
005 20190326100333.0
008 161209s2014 ||||||Chisd
020 # # |c 109000  |a 978 604 59 5887 2 
041 0 # |a Vie 
082 1 4 |a 305.892  |b C125CH 
100 1 # |a Đặng, Hoàng Xa 
245 1 0 |a Câu chuyện do thái 2  |c Đặng Hoàng Xa  |b Văn hóa , truyền thống và con người 
260 # # |b Lao động  |c 2016  |a Hà Nội 
300 # # |a 379tr.  |c 21 cm. 
653 # # |a Do thái 
653 # # |a Dân tộc 
653 # # |a Lịch sử 
653 # # |a Văn hóa 
852 # # |j KD.0023124 
910 # # |d 24/01/2018  |e ltkchi  |f 26/03/2019 
980 # # |a Trung tâm Học liệu Lê Vũ Hùng, Trường Đại học Đồng Tháp